| 000 | 01722nam a22003135a 4500 | ||
|---|---|---|---|
| 001 | 15870164 | ||
| 005 | 20240818092944.0 | ||
| 008 | 090813r20081987enka frb 001 0 eng | ||
| 020 | _a9788126517312 | ||
| 040 |
_aEG-ScBUE _beng _cEG-ScBUE |
||
| 082 | 0 | 4 |
_a543.0871 _bRIL _222 |
| 100 | 1 |
_aRiley, Tom. _932449 |
|
| 245 | 1 | 0 |
_aPrinciples of electroanalytical methods : _bAnalytical chemistry by open learning / _cTom Riley , Colin Tomlinson; editor Arthur M. James. |
| 260 |
_aLondon : _bJohn Wiley& Sons , _c2008 |
||
| 300 |
_axx, 252 p. : _bill. ; _c26 cm. |
||
| 504 | _aIncludes bibliographical references. | ||
| 505 | 0 | _aHistory of public health -- Public health at the local, state, national, and global Levels -- Role of law in public health -- Ethics and economics in public health -- Determinants of health -- Cultural competence in public health -- Health promotion -- Disease prevention -- Epidemiology and disease -- Describing populations -- Community health -- Tobacco control programs -- A community pharmacy influenza vaccination service -- A community health worker program for obesity prevention in a minority population -- Campus-based tuberculosis service -- Emergency preparedness planning and response -- Domestic violence prevention : improving services for perpetrators. | |
| 590 | _aMenna Elemam | ||
| 650 | 0 |
_aElectrochemical analysis _932450 _2BUEsh |
|
| 650 | 0 |
_aChemistry, Analytic _912351 _2BUEsh |
|
| 651 | _2BUEsh | ||
| 653 |
_bPPhrm _cAugust2015 |
||
| 700 | 1 | _a Tomlinson, Colin. | |
| 700 | 1 | _aJames, Arthur M. | |
| 942 |
_2ddc _cBB _k543.0871 RIL _hRDA-MOD |
||
| 999 |
_c17246 _d17218 |
||
| 336 |
_2rdacontent _atext _btxt |
||
| 337 |
_aunmediated _2rdamedia _bn |
||
| 338 |
_avolume _bnc _2rdacarrier |
||